000 00282nam a2200097Ia 4500
001 653748
005 20250826154504.0
008 250824s9999 xx 000 0 und d
245 0 _aMİNİK İZCİLER- 4 KUŞKULAR VE DİNOZOR KEMİKLERİ
_cJUDY DELTON
260 _bGÜNIŞIĞI YAYINLARI
999 _c653748
_d653748